000 00253nam a22001097a 4500
999 _c8170
_d8171
008 190719b ||||| |||| 00| 0 eng d
082 _a248.1 NYA
100 _aNyanasamvara, Phra
245 _aBuddhist Psychology
300 _a77 p.
_c18 cm.
942 _2ddc